Historical European Empires/ Kingdoms by Outline - Statistics

General Stats
  • This quiz has been taken 117 times
  • The average score is 7 of 8
Answer Stats
Picture Answer % Correct
Austrian Empire
95%
German Empire
94%
Kingdom of Hungary
92%
Yugoslavia
91%
Holy Roman Empire
90%
Kingdom of Prussia
88%
Austro-Hungarian Empire
74%
Polish-Lithuanian Commonwealth
67%
No matching quizzes found
Score Distribution
Percent of People with Each Score
Percentile by Number Answered
Your Score History
You have not taken this quiz